000 00330nam a2200133Ia 4500
005 20251222140039.0
008 251222s1900||||xx |||||||||||||| ||spa||
020 _a8432123501
082 _a215.1/G23
100 _aGarcía Morente, Manue
245 0 _aEl «Hecho Extraordinario» y otros Escritos
264 _bRIALP
942 _cLIB
999 _c3222
_d3222